Provinces of Netherlands - Statistieken

Algemene statistieken
  • Deze quiz is 24 keer genomen
  • De gemiddelde score is 11 van 12
Antwoordstatistieken
Province % Correct
Drenthe
100%
Limburg
100%
Noord Brabant
100%
Noord Holland
100%
Overijssel
100%
Zeeland
100%
Flevoland
95%
Groningen
95%
Utrecht
95%
Gelderland
89%
Zuid Holland
89%
Friesland
84%
Geen overeenkomende quizzen gevonden
Scoreverdeling
Procent van Mensen met Elke Score
Percentiel versus Aantal Correcte Antwoorden
Uw Scoregeschiedenis
U heeft deze quiz nog niet genomen